000 00311nam a22001337a 4500
008 170210b xxu||||| |||| 00| 0 eng d
020 _a0866889191
041 _aeng
080 _a61
100 _a4
101 _aSHM
245 _aTHE HANDBOOK ON STORING AND SECURING MEDICATIONS
_cWEBER, J.R
942 _2udc
_cBK
999 _c5067
_d5067